Statistics for 10 Smartest European Countries

Click here to take the quiz!

General Stats

  • This quiz has been taken 57 times
  • The average score is 8 of 10

Answer Stats

HintAnswer% Correct
99.12United Kingdom
98%
100.74Germany
93%
99.24Switzerland
93%
100.74Netherlands
91%
101.20Finland
89%
99.87Luxembourg
78%
99.24Hungary
74%
100.72Estonia
65%
101.60Belarus
61%
101.07Liechtenstein
44%

Score Distribution

Percentile by Number Answered

Percent of People with Each Score

Your Score History

You have not taken this quiz